[Event "DVM U14w 2017"]
[Site "Neumünster GER"]
[Date "2017.12.27"]
[Round "1"]
[White "Ramien, Hannah"]
[Black "Oschlies, Tami"]
[Result "0-1"]
[Termination "normal"]
[Board "9.3"]
[WhiteElo "1351"]
[BlackElo "1387"]
[WhiteTeam "SG Porz"]
[BlackTeam "SC Borussia 1920 Friedrichsfelde"]
[PlyCount "132"]
[WhiteFideId "16209982"]
[BlackFideId "16217365"]
[EventCountry "GER"]
[EventRounds "7"]
[EventType "team-swiss"]
[EventDate "2017.12.26"]

1. e4 c5 2. Nc3 d6 3. f4 e6 4. Nf3 Be7 5. Bc4 Bd7 6. d4 cxd4 7. Qxd4 Nf6 8. O-O
Qc7 9. Be3 a6 10. Bb3 Nc6 11. Qb6 Bd8 12. Na4 Qxb6 13. Bxb6 Bxb6+ 14. Nxb6 Rd8
15. e5 dxe5 16. fxe5 Ne4 17. Rfe1 Nc5 18. Rad1 Nxb3 19. cxb3 Ke7 20. Ng5 Nxe5
21. Rxe5 f6 22. Rc5 fxg5 23. Rxg5 g6 24. Rc5 Bc6 25. Re1 Rd2 26. Rce5 Rxg2+ 27.
Kf1 Rxh2 28. Rxe6+ Kf7 29. R6e2 Bb5 30. Nc4 Bxc4 31. bxc4 Rh1+ 32. Kg2 Rxe1 33.
Rxe1 Re8 34. Rf1+ Kg7 35. Rf2 h5 36. Kg3 g5 37. b3 Rf8 38. Re2 Kg6 39. Re6+ Rf6
40. Re4 h4+ 41. Kg4 Rf1 42. Re5 Rg1+ 43. Kh3 Rg3+ 44. Kh2 Rf3 45. Kg2 g4 46.
Re2 h3+ 47. Kh2 Kg5 48. Re8 Rf2+ 49. Kg1 g3 50. Rg8+ Kf4 51. Rf8+ Ke3 52. Re8+
Kd2 53. Rd8+ Kc2 54. Rh8 h2+ 55. Rxh2 Rxh2 56. b4 Rd2 57. b5 axb5 58. cxb5 g2
59. a4 Kd3 60. a5 Ke3 61. a6 bxa6 62. bxa6 Kf3 63. Kh2 Ra2 64. a7 Rxa7 65. Kg1
Ra1+ 66. Kh2 Rh1# 0-1

[Event "DVM U14w 2017"]
[Site "Neumünster GER"]
[Date "2017.12.27"]
[Round "1"]
[White "Relógio Stauber, Anna"]
[Black "Popovidou, Laura"]
[Result "1-0"]
[Termination "normal"]
[Board "9.4"]
[WhiteElo "1219"]
[BlackElo "935"]
[WhiteTeam "SC Borussia 1920 Friedrichsfelde"]
[BlackTeam "SG Porz"]
[PlyCount "101"]
[WhiteFideId "16255771"]
[BlackFideId "16255836"]
[EventCountry "GER"]
[EventRounds "7"]
[EventType "team-swiss"]
[EventDate "2017.12.26"]

1. d4 d5 2. Nf3 Nc6 3. c3 Nf6 4. e3 a6 5. Bd3 Bg4 6. O-O e6 7. Nbd2 Bd6 8. Qc2
e5 9. e4 Bxf3 10. Nxf3 dxe4 11. Bxe4 exd4 12. Bxc6+ bxc6 13. cxd4 Qd7 14. Re1+
Be7 15. Ne5 Qxd4 16. Qxc6+ Nd7 17. Qxa8+ Nb8 18. Qxb8+ Qd8 19. Qxd8+ Bxd8 20.
Nc6+ Kd7 21. Nxd8 Rxd8 22. Rd1+ Kc8 23. Rxd8+ Kxd8 24. Be3 Ke7 25. Rd1 c6 26.
b4 Ke6 27. Rc1 Kd5 28. g4 h6 29. h4 g5 30. hxg5 hxg5 31. Kg2 f6 32. Kg3 Ke4 33.
Rxc6 Ke5 34. Rxa6 f5 35. gxf5 Kxf5 36. Bxg5 Kxg5 37. Ra5+ Kf6 38. Kf4 Ke6 39.
Rh5 Kd6 40. Ke4 Kc6 41. Kd4 Kb6 42. Rc5 Ka6 43. Kd5 Kb6 44. Kd6 Kb7 45. Rc6 Kb8
46. Kd7 Kb7 47. a3 Kb8 48. Rc7 Ka8 49. Kc6 Kb8 50. Kb6 Ka8 51. Rc8# 1-0

[Event "DVM U14w 2017"]
[Site "Neumünster GER"]
[Date "2017.12.27"]
[Round "1"]
[White "Basovskiy, Jana"]
[Black "Karlinger De la Quintana, Ainhoa"]
[Result "1-0"]
[Termination "normal"]
[Board "10.1"]
[WhiteElo "1788"]
[BlackElo "1436"]
[WhiteTeam "SF Sasbach"]
[BlackTeam "SC Vaterstetten"]
[PlyCount "39"]
[WhiteFideId "16208617"]
[BlackFideId "16217268"]
[EventCountry "GER"]
[EventRounds "7"]
[EventType "team-swiss"]
[EventDate "2017.12.26"]

1. e4 g6 2. Bc4 Bg7 3. Nc3 c5 4. f4 d6 5. d3 e6 6. Nf3 Nc6 7. a3 a5 8. O-O Nf6
9. Qe1 Qc7 10. Qh4 Qe7 11. e5 dxe5 12. fxe5 Nd7 13. Bg5 f6 14. exf6 Bxf6 15.
Ne4 Bxg5 16. Nfxg5 Nde5 17. Rf6 Nxc4 18. Rf7 Qd8 19. Nf6+ Qxf6 20. Rxf6 1-0

[Event "DVM U14w 2017"]
[Site "Neumünster GER"]
[Date "2017.12.27"]
[Round "1"]
[White "Schmitt, Xenia"]
[Black "Schneider, Katharina"]
[Result "0-1"]
[Termination "normal"]
[Board "10.2"]
[WhiteElo "1065"]
[BlackElo "1638"]
[WhiteTeam "SC Vaterstetten"]
[BlackTeam "SF Sasbach"]
[PlyCount "40"]
[WhiteFideId "16241614"]
[BlackFideId "16200519"]
[EventCountry "GER"]
[EventRounds "7"]
[EventType "team-swiss"]
[EventDate "2017.12.26"]

1. e4 e5 2. Nf3 Nc6 3. d4 exd4 4. Nxd4 Nf6 5. Nc3 Bb4 6. Bd2 Nxd4 7. Nd5 Bxd2+
8. Qxd2 Nc6 9. Qe3 O-O 10. Bd3 Re8 11. c4 Ne5 12. Bc2 Nxc4 13. Qd3 Ne5 14. Qh3
d6 15. f4 Bxh3 16. fxe5 Nxd5 17. exd5 Rxe5+ 18. Kf1 Qf6+ 19. Kg1 Re2 20. Rf1
Rxg2# 0-1